Aspecto urbanístico de la comarca del Garraf /
Descripción Física:
Il·lustracions, plànols
Colección:
San Jorge,
; núm. 19 (juliol 1955), pàg 30-32
Materias:
Urbanisme -- Garraf (Catalunya)
; Urbanisme -- Aspectes socials -- Garraf (Catalunya)
; Urbanisme -- Barcelona (Catalunya : Província)
; Sitges (Catalunya)
; Vilanova i la Geltrú
Idioma:
Español
MARC
| LEADER | 00000naa a2200000 a 4500 | ||
|---|---|---|---|
| 003 | Arxiu | ||
| 005 | 20260324181043.0 | ||
| 008 | 160829s1955 spcaxx s spa c | ||
| 040 | |a AGDB | ||
| 100 | 1 | |a Baldrich i Tibau, Manuel, |d 1911-1966 |9 21224 | |
| 245 | 1 | 0 | |a Aspecto urbanístico de la comarca del Garraf / |c Manuel Baldrich, arquitecto provincial |
| 300 | |b Il·lustracions, plànols | ||
| 490 | |a San Jorge, |v núm. 19 (juliol 1955), pàg 30-32 | ||
| 500 | |a Contè plànol de zonificació de Sitges, evolució històrica de Vilanova i la Geltrú i immigració en Vilanova i la Geltrú | ||
| 650 | 0 | |a Urbanisme |9 33659 |z Garraf (Catalunya) | |
| 650 | |a Urbanisme |x Aspectes socials |x Garraf (Catalunya) |9 33660 | ||
| 650 | 0 | |a Urbanisme |z Barcelona (Catalunya : Província) |9 18405 | |
| 651 | 0 | |9 50830 |a Sitges (Catalunya) | |
| 651 | 0 | |9 50831 |a Vilanova i la Geltrú | |
| 901 | |a Arxiu | ||
| 942 | |n 1 |2 udc |c ART | ||
| 952 | |0 0 |1 0 |4 0 |6 REV510 |7 1 |9 65195 |a Arxiu |b Arxiu |d 2023-02-01 |l 0 |o Rev-510 |r 2023-02-01 00:00:00 |w 2023-02-01 |y ARXIU |z També disponible a Rev-524 | ||
| 999 | |c 49942 |d 49942 | ||